000 006950000a22001930004500
090 _aAR
_b03968
245 1 0 _aSovereignty as a trojan horse
_show the convention on biological diversity morphs biopiracy into biofraud
300 _a1-15
500 _a<Colección Recursos Genéticos>
650 1 4 _aBiopiratería
_95348
650 1 4 _aBiocomercio
_992419
650 1 4 _aLegislación ambiental
_992309
650 1 4 _aAcceso a los recursos genéticos
_996210
041 0 _aInglés
100 1 _aVogel, Joseph Henry
_915007
260 _aCusco
_c2002
942 _cARTICULO
773 1 _tIn Environment legislation on access to genetic resources, traditional knowledge and intellectual property rights
999 _c13002
_d13002